| 000 | 00625nam a22002297a 4500 | ||
|---|---|---|---|
| 999 |
_c1297 _d1297 |
||
| 001 | 12780 | ||
| 003 | BD-DhUAP | ||
| 005 | 20200205114830.0 | ||
| 008 | 200205s2007 bg ||||| |||| 00| 0 eng d | ||
| 020 | _a9843000011741 | ||
| 040 |
_aBD-DhUAP _cBD-DhUAP _bEng |
||
| 082 |
_223 _a343.5492052 BAR |
||
| 100 |
_aBaree, M. A. _99116 |
||
| 245 |
_aLaw and practice of Bangladesh income tax / _cM. A. Baree. |
||
| 250 | _a3rd ed. | ||
| 260 |
_aDhaka : _bMemory Books, _cc2007. |
||
| 300 |
_axliv, 811 pages ; _c22 cm. |
||
| 500 | _aIncludes index. | ||
| 650 |
_aIncome tax _zBangladesh _99117 |
||
| 942 |
_2ddc _cBK |
||